00690nam a2200241Ia 4500003000400000005001700004008004100021020001500062040001800077041000800095082002000103100002100123245006700144250001200211260006600223300002800289650002000317650003100337650002800368650001000396650002400406700001800430OSt20250530151958.0210716s1992 xx 000 0 und d a007462184X cAIMIT LIBRARY aeng a005.7402 bKISS aKishore, Swapna. aSQL: bfor professionals /cBy Swapna Kishore and Rajesh Naik. a1st ed. aNew Delhi :bTata McGraw Hill Publishing Company Ltd ,c1992. axiv,246 p.;bPBc24 cm. aRelational DBMS aData definition statements aAdvanced sql constructs aJoins aTransaction control aNaik, Rajesh.